Verbal & Non-Verbal Reasoning/ (Record no. 185188)

MARC details
000 -LEADER
fixed length control field 00607nam a22001817a 4500
005 - DATE AND TIME OF LATEST TRANSACTION
control field 20220131120516.0
010 ## - LCCN (DPL NO)
LC control number ENG-131332
020 ## - INTERNATIONAL STANDARD BOOK NUMBER
International Standard Book Number 9789352667468
Terms of availability 325.00
035 ## - SYSTEM CONTROL NUMBER
System control number EN-114864
037 ## - SOURCE OF ACQUISITION
Source of stock number/acquisition DBAD
082 ## - DEWEY DECIMAL CLASSIFICATION NUMBER
Classification number 153.93
100 ## - MAIN ENTRY--PERSONAL NAME
Personal name Thakur, Rajesh Kumar
245 ## - TITLE STATEMENT
Title Verbal & Non-Verbal Reasoning/
Remainder of title For All competitive Examinations:
Statement of responsibility, etc Rajesh Kumar Thakur
260 ## - PUBLICATION, DISTRIBUTION, ETC. (IMPRINT)
Place of publication, distribution, etc New Delhi
Name of publisher, distributor, etc Prabhat Exam
Date of publication, distribution, etc 2018
270 ## - ADDRESS
City New Delhi
Address 4/19, Asaf Ali Road
Postal code 110002
Telephone number 23289555, 23289666, 23289777
Electronic mail address prabhatbooks@gmail.com
300 ## - PHYSICAL DESCRIPTION
Extent 490p.
Dimensions 24cm(pbk)
942 ## - ADDED ENTRY ELEMENTS (KOHA)
Source of classification or shelving scheme Dewey Decimal Classification
Item type English Books
Classification part 153.93
Call number suffix THA
Holdings
Withdrawn status Lost status Not for loan Collection code Home library Current library Date acquired Source of acquisition Cost, normal purchase price Full call number Barcode Copy number Cost, replacement price Koha item type
      Non-fiction Bawana Bawana 31/01/2022 DBAD/PUB 325.00 153.93 THA EN-114864 1 325.00 English Books

© Delhi Public Library
Hit Counter
free hit counter